<?xml version="1.0" encoding="UTF-8"?>
<record
    xmlns:xsi="http://www.w3.org/2001/XMLSchema-instance"
    xsi:schemaLocation="http://www.loc.gov/MARC21/slim http://www.loc.gov/standards/marcxml/schema/MARC21slim.xsd"
    xmlns="http://www.loc.gov/MARC21/slim">

  <leader>00760nam a22002652  4500</leader>
  <controlfield tag="001">0000004921</controlfield>
  <controlfield tag="003">OSt</controlfield>
  <controlfield tag="005">20250204122841.0</controlfield>
  <controlfield tag="008">250204s        xx            000 0 eng d</controlfield>
  <datafield tag="020" ind1=" " ind2=" ">
    <subfield code="a">9780470741672</subfield>
    <subfield code="c">KES 8099</subfield>
  </datafield>
  <datafield tag="040" ind1=" " ind2=" ">
    <subfield code="a">KABU</subfield>
    <subfield code="c">KABU</subfield>
  </datafield>
  <datafield tag="050" ind1=" " ind2="0">
    <subfield code="a">RS160</subfield>
    <subfield code="b">.D49 2009</subfield>
  </datafield>
  <datafield tag="100" ind1="1" ind2=" ">
    <subfield code="a">Dewick, Paul M.</subfield>
  </datafield>
  <datafield tag="245" ind1="1" ind2="0">
    <subfield code="a">Medicinal natural products :</subfield>
    <subfield code="b">a biosynthetic approach /</subfield>
    <subfield code="c">Paul M. Dewick.</subfield>
  </datafield>
  <datafield tag="250" ind1=" " ind2=" ">
    <subfield code="a">3rd ed.</subfield>
  </datafield>
  <datafield tag="260" ind1=" " ind2=" ">
    <subfield code="a">West Sussex :</subfield>
    <subfield code="b">John Wiley &amp; Sons,</subfield>
    <subfield code="c">c2009.</subfield>
  </datafield>
  <datafield tag="300" ind1=" " ind2=" ">
    <subfield code="a">xii, 539 p. ;</subfield>
    <subfield code="c">25 cm.</subfield>
    <subfield code="b">ill. ; </subfield>
  </datafield>
  <datafield tag="504" ind1=" " ind2=" ">
    <subfield code="a">Includes bibliographical references and index.</subfield>
  </datafield>
  <datafield tag="650" ind1=" " ind2="0">
    <subfield code="a">Biosynthesis.</subfield>
  </datafield>
  <datafield tag="650" ind1=" " ind2="0">
    <subfield code="a">Natural products.</subfield>
  </datafield>
  <datafield tag="650" ind1=" " ind2="0">
    <subfield code="a">Pharmacognosy.</subfield>
  </datafield>
  <datafield tag="908" ind1=" " ind2=" ">
    <subfield code="a">070604</subfield>
  </datafield>
  <datafield tag="942" ind1=" " ind2=" ">
    <subfield code="2">lcc</subfield>
    <subfield code="c">BK</subfield>
  </datafield>
  <datafield tag="999" ind1=" " ind2=" ">
    <subfield code="c">20612</subfield>
    <subfield code="d">20611</subfield>
  </datafield>
  <datafield tag="952" ind1=" " ind2=" ">
    <subfield code="0">0</subfield>
    <subfield code="1">0</subfield>
    <subfield code="2">lcc</subfield>
    <subfield code="7">0</subfield>
    <subfield code="a">KABU</subfield>
    <subfield code="b">KABU</subfield>
    <subfield code="c">GEN</subfield>
    <subfield code="d">2025-02-04</subfield>
    <subfield code="g">8099.00</subfield>
    <subfield code="i">2025/2038</subfield>
    <subfield code="l">0</subfield>
    <subfield code="o">RS160 .D49 2009 C.1</subfield>
    <subfield code="p">33448</subfield>
    <subfield code="r">2025-02-04 12:30:13</subfield>
    <subfield code="t">C.1</subfield>
    <subfield code="w">2025-02-04</subfield>
    <subfield code="y">BK</subfield>
  </datafield>
  <datafield tag="952" ind1=" " ind2=" ">
    <subfield code="0">0</subfield>
    <subfield code="1">0</subfield>
    <subfield code="2">lcc</subfield>
    <subfield code="7">0</subfield>
    <subfield code="a">KABU</subfield>
    <subfield code="b">KABU</subfield>
    <subfield code="c">GEN</subfield>
    <subfield code="d">2025-02-04</subfield>
    <subfield code="g">8099.00</subfield>
    <subfield code="i">2025/2039</subfield>
    <subfield code="l">0</subfield>
    <subfield code="o">RS160 .D49 2009 C.2</subfield>
    <subfield code="p">33442</subfield>
    <subfield code="r">2025-02-04 12:30:13</subfield>
    <subfield code="t">C.2</subfield>
    <subfield code="w">2025-02-04</subfield>
    <subfield code="y">BK</subfield>
  </datafield>
  <datafield tag="952" ind1=" " ind2=" ">
    <subfield code="0">0</subfield>
    <subfield code="1">0</subfield>
    <subfield code="2">lcc</subfield>
    <subfield code="7">0</subfield>
    <subfield code="a">KABU</subfield>
    <subfield code="b">KABU</subfield>
    <subfield code="c">GEN</subfield>
    <subfield code="d">2025-02-04</subfield>
    <subfield code="g">8099.00</subfield>
    <subfield code="i">2025/2040</subfield>
    <subfield code="l">0</subfield>
    <subfield code="o">RS160 .D49 2009 C.3</subfield>
    <subfield code="p">33441</subfield>
    <subfield code="r">2025-02-04 12:30:13</subfield>
    <subfield code="t">C.3</subfield>
    <subfield code="w">2025-02-04</subfield>
    <subfield code="y">BK</subfield>
  </datafield>
</record>
